00137nam a22000617a 4500040000900000100001500009245005100024 cSCME aYe Xiaowen aPluralismand harmony in the religions of china